000
00187nam a22000977a 4500
041
_a
eng
080
_a
80
100
_a
Smith, Philip
245
_a
Cliffs Notes: Ethan Frome
999
_c
282189
_d
282189
942
_c
BK